[Event "?"]
[Site "?"]
[Date "2009.12.28"]
[Round "4.31"]
[White "Faust, Adrian"]
[Black "Eichstaedt, Mirko"]
[Result "1/2-1/2"]
[WhiteElo "876"]
[BlackElo "1575"]
[PlyCount "45"]
[EventDate "2010.??.??"]

1. Nf3 Nf6 2. b3 d5 3. h3 g6 4. Bb2 Bg7 5. d3 c5 6. Nbd2 Nc6 7. e4 e6 8. g3 O-O
9. Bg2 Qc7 10. O-O Rd8 11. exd5 exd5 12. Re1 h6 13. Ne5 Be6 14. Rb1 Nxe5 15.
Bxe5 Qc8 16. Qf3 Ne8 17. Kh2 Bxe5 18. Rxe5 Qc7 19. Rbe1 Ng7 20. Qf4 Kh7 21. h4
Re8 22. R1e2 Rad8 23. c4 1/2-1/2

[Event "?"]
[Site "?"]
[Date "2009.12.28"]
[Round "4.35"]
[White "Wolff, Marie Antoinette"]
[Black "Leyrer, Thomas"]
[Result "1-0"]
[WhiteElo "977"]
[BlackElo "751"]
[PlyCount "71"]
[EventDate "2010.??.??"]

1. f4 d6 2. d4 g6 3. e3 Nc6 4. Nf3 Bg4 5. Nbd2 e5 6. Bb5 Nge7 7. O-O a6 8. Be2
Bg7 9. b3 Bxf3 10. Nxf3 exd4 11. exd4 O-O 12. Bb2 Nf5 13. c3 Ne3 14. Qe1 Nxf1
15. Kxf1 Re8 16. Ng5 Bh6 17. Qg3 Bxg5 18. fxg5 Qd7 19. Bc4 Qf5+ 20. Kg1 b5 21.
Bd3 Qd7 22. Rf1 Rf8 23. c4 Rab8 24. d5 Ne7 25. Qh4 bxc4 26. Qh6 f6 27. Rxf6
Rxf6 28. Bxf6 Nf5 29. Bxf5 gxf5 30. g6 cxb3 31. Qg5 bxa2 32. gxh7+ Kxh7 33.
Qh5+ Kg8 34. Qh8+ Kf7 35. Qg7+ Ke8 36. Qg8# 1-0